Kontrola geometrie fréz použitím optického 3D skenera

Saved in:
Bibliographic Details
Main Author: Kováčik, Daniel (Author)
Other Authors: Buranský, Ivan (Thesis advisor)
Format: Manuscript Book
Language:Slovak
Published: 2021
Subjects:
Online Access:http://is.stuba.sk/zp/portal_zp.pl?podrobnosti=157937
Tags: Add Tag
No Tags, Be the first to tag this record!

MARC

LEADER 00000ntm a22000003a 4500
001 stuzp84921
003 SK-STU
005 20210612213542.5
007 ta
008 150427s2015----xo-----f-mn---000-0-slo-d
040 |a STU  |b slo 
041 0 |a slo 
100 1 |a Kováčik, Daniel  |u 063000  |k Z4  |4 aut  |U MTF Materiálovotechnologická fakulta  |T MTF Ústav výrobných technológií  |X 85431  |U M3000  |Y 83  |7 85431 
242 0 1 |a Geometry inspection of milling tools by optical 3D scanner  |y eng 
245 1 0 |a Kontrola geometrie fréz použitím optického 3D skenera 
260 |c 2021 
650 4 |a fréza  |2 slo 
650 4 |a meranie  |2 slo 
650 4 |a 3D digitalizácia  |2 slo 
650 4 |a 3D skenovanie  |2 slo 
650 4 |a 3D digitalization  |2 eng 
650 4 |a 3D scanning  |2 eng 
650 4 |a milling tool  |2 eng 
650 4 |a measurement  |2 eng 
700 1 |a Buranský, Ivan  |u 063000  |k Z1  |4 ths  |U MTF Materiálovotechnologická fakulta  |T MTF Ústav výrobných technológií  |X 4587  |U M3000  |Y 83  |7 A000004587 
856 4 |u http://is.stuba.sk/zp/portal_zp.pl?podrobnosti=157937 
996 |c M* DP-14684  |l MMSKP  |s P  |a 0  |w stuzp84921_0001